000 00596nmc a2200241 a 4500
003 AR-BaBNM
005 20251128205549.0
008 098019s1997 ||||||||||||||000 | spa||
020 _a950-843-282-9
040 _cAR-BaBNM
100 1 _aLópez de Gomara, Susana
245 1 0 _aPara cantarle a mi niño
260 _aBuenos Aires
_bVinciguerra
_c1997
300 _a46 p.
490 0 _aEl libro argentino
650 4 _aLITERATURA ARGENTINA
650 4 _aPOESIA
650 4 _aCANCIONES
650 4 _aLITERATURA CONTEMPORANEA
655 _aLITERATURA
942 _cBK
998 _cMARTIN
999 _c11910
_d11910